| 000 | 01864cam a22004097a 4500 | ||
|---|---|---|---|
| 001 | 110068 | ||
| 005 | 20230410103901.0 | ||
| 008 | 060830s2002 nyub b 001 0 eng | ||
| 035 | _a14527382 | ||
| 925 | 0 |
_aacquire _b2 shelf copies _xpolicy default |
|
| 942 |
_2lcc _cbk |
||
| 010 | _a 2006281934 | ||
| 020 | _a1583225382 | ||
| 040 |
_aDLC _cDLC _dDLC |
||
| 041 | 1 |
_aeng _hheb |
|
| 043 |
_aaw----- _aa-is--- |
||
| 050 | 1 | 4 |
_a416 DS 119.76 _bR371i 2002 |
| 082 | 0 | 0 | _a956.9405/4 |
| 100 | 1 | _aReinhart, Tanya. | |
| 245 | 1 | 0 |
_aIsrael/Palestine : _bhow to end the War of 1948 / _cTanya Reinhart. |
| 250 | _aSeven Stories Press 1st ed. | ||
| 260 |
_aNew York : _bSeven Stories Press, _cc2002. |
||
| 300 |
_a278 p. ; _bmap ; _c18 cm. |
||
| 440 | 3 | _aAn open media book | |
| 546 | _aSome chapters translated from Hebrew. | ||
| 504 | _aIncludes bibliographical references (p. 244-265) and index. | ||
| 505 | 0 | _aThe Oslo years : false expectations -- The Camp David negotiations : myths and facts -- The Syria precedent -- Barak's version of Sharon -- October 2000 : the second half of 1948 -- The first year : Israel's slow ethnic cleansing -- December 2001 : topple Arafat -- April-June 2002 : the return of military occupation -- What does Israel really want? -- The way out. | |
| 651 | 0 |
_aIsrael _xPolitics and government _y1993- |
|
| 650 | 0 |
_aArab-Israeli conflict _y1993- |
|
| 651 | 4 |
_aIsrael _xPolítica y gobierno _y1993- |
|
| 650 | 4 | _aConflicto árabe-israelí. | |
| 600 | 1 | 0 |
_aBarak, Ehud, _d1942- _xPolitical activity. |
| 856 | 4 | 1 |
_3Table of contents only _uhttp://www.loc.gov/catdir/toc/fy0703/2006281934.html |
| 856 | 4 | 2 |
_3Publisher description _uhttp://www.loc.gov/catdir/enhancements/fy1007/2006281934-d.html |
| 856 | 4 | 2 |
_3Contributor biographical information _uhttp://www.loc.gov/catdir/enhancements/fy1007/2006281934-b.html |
| 946 | _aYSL | ||
| 999 |
_c27713 _d27713 |
||